| 000 | 00390nam a22001457a 4500 | ||
|---|---|---|---|
| 005 | 20170926123306.0 | ||
| 008 | 170926b xxu||||| |||| 00| 0 eng d | ||
| 020 | _a02603063 | ||
| 040 | _cPK-LaUMT | ||
| 082 |
_aPKAC 028.10917671 _bMUS- |
||
| 245 | _aThe Muslim world book review(Vol 30 No. 2)/ | ||
| 260 |
_aLeicestersire: _bThe Islamic foundation, _c2010 |
||
| 300 | _a79 p. | ||
| 942 | _cBK | ||
| 999 |
_c98538 _d98538 |
||